| 000 | 04755cam a22006015i 4500 | ||
|---|---|---|---|
| 001 | data | ||
| 005 | 20260322212117.0 | ||
| 006 | data | ||
| 007 | data | ||
| 008 | data | ||
| 035 | _a21937740 | ||
| 906 |
_a0 _bibc _corigres _du _encip _f20 _gy-gencatlg |
||
| 925 | 0 |
_aacquire _epcnspringer _xpolicy default |
|
| 010 | _a 2019768749 | ||
| 020 | _a9781137585202 | ||
| 024 | 7 |
_a10.1057/978-1-137-58520-2 _2doi |
|
| 035 | _a(DE-He213)978-1-137-58520-2 | ||
| 040 |
_aDLC _beng _erda _erda _cDLC |
||
| 072 | 7 |
_aHBTB _2bicssc |
|
| 072 | 7 |
_aHIS054000 _2bisacsh |
|
| 072 | 7 |
_aNHTB _2thema |
|
| 082 | 0 | 4 |
_a306.09 _223 |
| 097 | 0 | 0 | _aCB3-481 |
| 245 | 0 | 0 |
_aFairies, Demons, and Nature Spirits : _b'Small Gods' at the Margins of Christendom / _cedited by Michael Ostling. |
| 250 | _a1st ed. 2018. | ||
| 264 | 1 |
_aLondon : _bImprint: Palgrave Macmillan, _bImprint: Palgrave Macmillan, _c2018. |
|
| 300 | _a1 online resource (XV, 366 pages 4 illustrations) | ||
| 336 |
_atext _btxt _2rdacontent |
||
| 337 |
_acomputer _bc _2rdamedia |
||
| 338 |
_aonline resource _bcr _2rdacarrier |
||
| 347 |
_atext file _bPDF _2rda |
||
| 490 | 1 | _aPalgrave Historical Studies in Witchcraft and Magic | |
| 505 | 0 | _a1. Introduction: Where've all the Good People Gone?; Michael Ostling -- Part I: Demonization and its Discontents -- 2. The Threat of Headless Beings: Constructing the Demonic in Christian Egypt; David Frankfurter -- 3. Secrets of the Síd: The Supernatural in Medieval Irish Texts; Lisa Bitel -- 4. The Good, the Bad, and the Unholy: Ambivalent Angels in the Middle Ages; Coree Newman -- 5. Between Fallen Angels and Nature Spirits: Russian Demonology of the Early Modern Period; Dmitriy Antonov -- 6. Crisis at the Border: Amazonian Relations with Spirits and Others; Artionka Capiberibe -- Part II: Enlightenment and Its Ambiguities -- 7. Between Humans and Angels: Scientific Uses for Fairies in Early Modern Scotland; Julian Goodare -- 8. The Álfar, the Clerics, and the Enlightenment: Conceptions of the Supernatural in the Age of Reason in Iceland; Terry Gunnell -- 9. The Devil and the Spirit World In Nineteenth-Century Estonia: From Christianization to Folklorization; Ülo Valk -- 10. Dreaming of Snakes in Contemporary Zambia: Small Gods and the Secular; Johanneke Kroesbergen-Kamps -- Part III: Remnants, Relocations, and Re-Enchantments -- 11. Small Gods, Small Demons. Remnants of an Archaic fairy Cult in Central and South-Eastern Europe; Éva Pócs -- 12. Who Owns the World? Recognizing the Repressed Small Gods of Southeast Asia; Lorraine V. Aragon -- 13. Spirits, Christians and Capitalists in the Rainforests of Papua New Guinea; Michael Wood -- 14. "Reconnecting to Everything:" Fairies in Contemporary Paganism; Sabina Magliocco -- 15. Afterword; Ronald Hutton. | |
| 520 | _aThis book examines the fairies, demons, and nature spirits haunting the margins of Christendom from late-antique Egypt to early modern Scotland to contemporary Amazonia. Contributions from anthropologists, folklorists, historians and religionists explore Christian strategies of encompassment and marginalization, and the 'small gods' undisciplined tendency to evade such efforts at exorcism. Lurking in forest or fairy-mound, chuckling in dark corners of the home or of the demoniac's body, the small gods both define and disturb the borders of a religion that is endlessly syncretistic and in endless, active denial of its own syncretism. The book will be of interest to students of folklore, indigenous Christianity, the history of science, and comparative religion. | ||
| 588 | _aDescription based on publisher-supplied MARC data. | ||
| 650 | 0 |
_aCivilization _xHistory. |
|
| 650 | 0 | _aHistory. | |
| 650 | 0 |
_aReligion _xHistory. |
|
| 650 | 0 | _aSocial history. | |
| 650 | 0 | _aWorld history. | |
| 650 | 1 | 4 |
_aCultural History. _0https://scigraph.springernature.com/ontologies/product-market-codes/723000 |
| 650 | 2 | 4 |
_aHistory of Religion. _0https://scigraph.springernature.com/ontologies/product-market-codes/1A7000 |
| 650 | 2 | 4 |
_aHistory of Science. _0https://scigraph.springernature.com/ontologies/product-market-codes/731000 |
| 650 | 2 | 4 |
_aSocial History. _0https://scigraph.springernature.com/ontologies/product-market-codes/724000 |
| 650 | 2 | 4 |
_aWorld History, Global and Transnational History. _0https://scigraph.springernature.com/ontologies/product-market-codes/719000 |
| 700 | 1 |
_aOstling, Michael, _eeditor. |
|
| 776 | 0 | 8 |
_iPrint version: _tFairies, demons and nature spirits. _z9781137585196 _w(DLC) 2017944566 |
| 776 | 0 | 8 |
_iPrinted edition: _z9781137585196 |
| 776 | 0 | 8 |
_iPrinted edition: _z9781349844135 |
| 776 | 0 | 8 |
_iPrinted edition: _z9781349844142 |
| 830 | 0 | _aPalgrave Historical Studies in Witchcraft and Magic | |
| 985 |
_aspringerpcn _ebatch8 |
||
| 999 |
_c1779 _d1779 |
||